| 000 | 00782nas a2200289 4500 | ||
|---|---|---|---|
| 001 | BR7705224 | ||
| 003 | BR-BrBNA | ||
| 005 | 20231205083244.0 | ||
| 007 | ta | ||
| 008 | 230509b bl.|||p| |||| 00| 00por d | ||
| 040 |
_aBR-BrBNA _bpor _cBiblioteca Nacional de Agricultura |
||
| 041 | _a(Pt) | ||
| 072 | _aE15 | ||
| 100 | 1 | _aAnon. | |
| 245 | 1 | _aAnalise da fruticultura no Rio de Janeiro [Brasil] | |
| 650 | _aFRUTA CITRICA | ||
| 650 | _aBANANA | ||
| 650 | _aMAMAO | ||
| 650 | _aMANGA | ||
| 650 | _aGOIABA | ||
| 650 | _aABACAXI | ||
| 650 | _aANALISE ECONOMICA | ||
| 650 | _aRIO DE JANEIRO | ||
| 773 | 0 |
_tAgricultura. A Forca Verde (Brazil) _xISSN 0100-5650 _g(Aug 1977), v. 1(2) p. 18-21 _wBR7705224 |
|
| 909 |
_a202311 _bLúcia _c55 _dLúcia Elande |
||
| 942 |
_2AGRIS _n0 _cANA |
||
| 999 |
_c97504 _d97504 |
||